Normal view
MARC view
Entry Personal Name
001 - CONTROL NUMBER
- control field: 7951
003 - CONTROL NUMBER IDENTIFIER
- control field: OSt
005 - DATE AND TIME OF LATEST TRANSACTION
- control field: 20211028144315.0
008 - FIXED-LENGTH DATA ELEMENTS
- fixed length control field: 211028|| aca||aabn | a|a d
040 ## - CATALOGING SOURCE
- Original cataloging agency: OSt
- Transcribing agency: OSt
100 ## - HEADING--PERSONAL NAME
- Personal name: Bhat, Srinidhi S; D Souza, Rayan.
- Miscellaneous information: 1616199
670 ## - SOURCE DATA FOUND
- Source citation: Work cat.: (OSt): Bhat, Srinidhi S; D Souza, Rayan. 1616199, Study on effects of change in markets on new product introduction of ace foods pvt ltd at Mangalore city., 2018